01198nam a2200301 a 450000100100000000500170001000800410002702000150006804000250008308200190010810000340012724501170016126000800027830000280035850000180038650400280040465000420043265000250047465000540049965000370055365000630059065000350065365000300068865000320071804900090075095201220075999900150088100000534720200929151641.0090819s1989 sp a 000 0 spa d a8400069951 aDO-SdBNPbspacBNPHU a769.946bC315d1 aCarrete Parrondo, Juan91516010aDifusión de la ciencia en la España ilustrada :bestampas de la Real Calcografía /cJuan Carrete Parrondo. aMadrid, España :bConsejo Superior de Investigación Cientificas,c1989. a396 p. :bil. ;c30 cm. aIncluye notas aBibliográfía : p. 4 4aGrabado españolxColecciones915161 4aCalcografía915162 4aGrabadoxHistoriazMadrid (España{Rpara}915163 4aGrabadoxObras ilustradas915164 4aArtes gráficasxHistoriazMadrid (España{Rpara}915165 4aIlustración de libros915166 4aGrabadoxTécnica915167 4aGrabadoxImpresión915168 aBNPD 001054708MOaGRbGRcHDd2009-08-19iLF1l0o769.946 C315dp5347-10r2020-06-25w2020-06-25y4ZPréstamo en sala c5148d5148